[Event "DSJ Weihnachtsturnier U20 2020"]
[Site "https://play.chessbase.com/en/play?room=DSJWeihnachtU20"]
[Date "2020.12.29"]
[Round "5"]
[White "Engel, Luis"]
[Black "Joeres, Stefan"]
[Result "1/2-1/2"]
[Termination "normal"]
[Board "3.1"]
[WhiteTitle "GM"]
[WhiteElo "2553"]
[BlackElo "2176"]
[WhiteTeam "Hamburger SK von 1830"]
[BlackTeam "Karlsruher SF 1853"]
[PlyCount "105"]
[WhiteFideId "12961523"]
[BlackFideId "12983160"]
[EventRounds "7"]
[EventType "team-swiss"]
[EventDate "2020.12.29"]

1. e4 {[%emt 0:00:02]} c5 {[%emt 0:00:02]} 2. Nf3 {[%emt 0:00:03]} Nc6 { [%emt
0:00:01]} 3. Bb5 {[%emt 0:00:02]} g6 {[%emt 0:00:02]} 4. Bxc6 {[%emt 0:00:01]}
dxc6 {[%emt 0:00:00]} 5. d3 {[%emt 0:00:02]} Bg7 {[%emt 0:00:12]} 6. h3 {[%emt
0:00:02]} Qc7 {[%emt 0:00:02]} 7. Nc3 {[%emt 0:00:13]} e5 {[%emt 0:00:07]} 8.
Be3 {[%emt 0:00:07]} b6 {[%emt 0:00:04]} 9. Qd2 {[%emt 0:00:22]} h6 { [%emt
0:00:02]} 10. O-O {[%emt 0:00:06]} Ne7 {[%emt 0:00:14]} 11. Nh2 {[%emt
0:00:22]} f5 {[%emt 0:00:11]} 12. f4 {[%emt 0:00:09]} O-O {[%emt 0:01:22]} 13.
fxe5 {[%emt 0:00:30]} Bxe5 {[%emt 0:00:00]} 14. Nf3 {[%emt 0:00:04]} f4 { [%emt
0:00:48]} 15. Bf2 {[%emt 0:00:18]} Bg7 {[%emt 0:00:06]} 16. Rae1 { [%emt
0:00:19]} g5 {[%emt 0:00:40]} 17. e5 {[%emt 0:00:22]} Bf5 {[%emt 0:00:06] } 18.
Ne4 {[%emt 0:00:07]} Bxe4 {[%emt 0:00:04]} 19. Rxe4 {[%emt 0:00:00]} Rad8
{[%emt 0:00:01]} 20. Rfe1 {[%emt 0:00:10]} Ng6 {[%emt 0:00:09]} 21. b4 { [%emt
0:00:14]} cxb4 {[%emt 0:00:06]} 22. Qxb4 {[%emt 0:00:00]} c5 {[%emt 0:00:03]}
23. Qc4+ {[%emt 0:00:07]} Kh7 {[%emt 0:00:05]} 24. d4 {[%emt 0:00:27]} Qe7
{[%emt 0:00:28]} 25. d5 {[%emt 0:00:25]} Rfe8 {[%emt 0:00:05]} 26. Qd3 { [%emt
0:00:12]} Qf7 {[%emt 0:00:32]} 27. c4 {[%emt 0:00:13]} Qf5 {[%emt 0:00:07]} 28.
Qe2 {[%emt 0:00:43]} Re7 {[%emt 0:00:22]} 29. a4 {[%emt 0:00:07]} Rde8 {[%emt
0:00:11]} 30. e6 {[%emt 0:00:01]} Rd8 {[%emt 0:00:05]} 31. Rb1 {[%emt 0:00:12]}
Rd6 {[%emt 0:00:05]} 32. Be1 {[%emt 0:00:19]} h5 {[%emt 0:00:24]} 33. h4 {[%emt
0:00:25]} g4 {[%emt 0:00:15]} 34. Ng5+ {[%emt 0:00:02]} Kg8 {[%emt 0:00:01]}
35. Nf7 {[%emt 0:00:12]} Rxf7 {[%emt 0:00:30]} 36. exf7+ {[%emt 0:00:00]} Qxf7
{[%emt 0:00:01]} 37. Re6 {[%emt 0:00:18]} Bd4+ {[%emt 0:01:07]} 38. Bf2 {[%emt
0:00:17]} f3 {[%emt 0:00:19]} 39. gxf3 {[%emt 0:00:28]} Bxf2+ { [%emt 0:00:14]}
40. Kxf2 {[%emt 0:00:16]} Nf4 {[%emt 0:00:07]} 41. Re8+ { [%emt 0:00:05]} Kg7
{[%emt 0:00:02]} 42. Qe5+ {[%emt 0:00:03]} Rf6 {[%emt 0:00:01]} 43. Qe7 {[%emt
0:00:28]} Nh3+ {[%emt 0:00:39]} 44. Kg2 {[%emt 0:00:14]} Rxf3 {[%emt 0:00:07]}
45. Qe5+ {[%emt 0:00:09]} Qf6 {[%emt 0:00:25]} 46. Re7+ { [%emt 0:00:09]} Kf8
{[%emt 0:00:01]} 47. Qxf6+ {[%emt 0:00:51]} Rxf6 {[%emt 0:00:00]} 48. Rxa7
{[%emt 0:00:09]} Rf2+ {[%emt 0:00:01]} 49. Kg3 {[%emt 0:00:15] } Rf3+ {[%emt
0:00:02]} 50. Kh2 {[%emt 0:00:10]} Rf2+ {[%emt 0:00:01]} 51. Kg3 {[%emt
0:00:01]} Rf3+ {[%emt 0:00:01]} 52. Kh2 {[%emt 0:00:01]} Rf2+ {[%emt 0:00:01]}
53. Kg3 {[%emt 0:00:01]} 1/2-1/2

[Event "DSJ Weihnachtsturnier U20 2020"]
[Site "https://play.chessbase.com/en/play?room=DSJWeihnachtU20"]
[Date "2020.12.29"]
[Round "5"]
[White "Koll, Lukas"]
[Black "Woelk, Tom-Frederic"]
[Result "0-1"]
[Termination "normal"]
[Board "3.2"]
[WhiteElo "2049"]
[BlackElo "2245"]
[WhiteTeam "Karlsruher SF 1853"]
[BlackTeam "Hamburger SK von 1830"]
[PlyCount "114"]
[WhiteFideId "12969737"]
[BlackFideId "12993077"]
[EventRounds "7"]
[EventType "team-swiss"]
[EventDate "2020.12.29"]

1. c4 {[%emt 0:00:02]} e6 {[%emt 0:00:04]} 2. g3 {[%emt 0:00:06]} d5 {[%emt
0:00:05]} 3. Bg2 {[%emt 0:00:02]} Nf6 {[%emt 0:00:01]} 4. Nf3 {[%emt 0:00:03]}
d4 {[%emt 0:00:22]} 5. e3 {[%emt 0:00:02]} c5 {[%emt 0:00:01]} 6. exd4 {[%emt
0:00:02]} cxd4 {[%emt 0:00:00]} 7. d3 {[%emt 0:00:01]} Nc6 {[%emt 0:00:01]} 8.
O-O {[%emt 0:00:03]} Be7 {[%emt 0:00:02]} 9. Bd2 {[%emt 0:00:08]} O-O {[%emt
0:00:06]} 10. Na3 {[%emt 0:00:01]} Nd7 {[%emt 0:00:15]} 11. Nc2 {[%emt
0:00:05]} Nc5 {[%emt 0:00:03]} 12. Qe2 {[%emt 0:00:05]} a5 {[%emt 0:00:02]} 13.
Rfb1 { [%emt 0:00:36]} Bf6 {[%emt 0:01:26]} 14. b4 {[%emt 0:00:07]} axb4 {[%emt
0:00:08]} 15. Nxb4 {[%emt 0:00:05]} Bd7 {[%emt 0:00:09]} 16. Ne1 {[%emt
0:00:15]} Na4 {[%emt 0:00:31]} 17. Nec2 {[%emt 0:00:28]} Nc3 {[%emt 0:00:29]}
18. Bxc3 { [%emt 0:00:04]} dxc3 {[%emt 0:00:00]} 19. Nxc6 {[%emt 0:00:21]} Bxc6
{[%emt 0:00:02]} 20. Bxc6 {[%emt 0:00:21]} bxc6 {[%emt 0:00:00]} 21. Qe4 {[%emt
0:00:11] } c5 {[%emt 0:00:08]} 22. Rb5 {[%emt 0:00:11]} Qc7 {[%emt 0:00:22]}
23. a4 { [%emt 0:01:09]} Ra5 {[%emt 0:00:04]} 24. Ra3 {[%emt 0:00:30]} Rfa8
{[%emt 0:00:10]} 25. d4 {[%emt 0:00:14]} cxd4 {[%emt 0:00:12]} 26. Nxd4 {[%emt
0:00:15]} Qxc4 {[%emt 0:00:17]} 27. Rab3 {[%emt 0:00:32]} Bxd4 {[%emt 0:01:59]}
28. Rb8+ {[%emt 0:00:22]} Qc8 {[%emt 0:00:01]} 29. Rxc8+ {[%emt 0:00:10]} Rxc8
{[%emt 0:00:00]} 30. Qxd4 {[%emt 0:00:39]} c2 {[%emt 0:00:05]} 31. Rc3 {[%emt
0:00:11]} c1=Q+ {[%emt 0:00:02]} 32. Rxc1 {[%emt 0:00:10]} Rxc1+ {[%emt
0:00:00]} 33. Kg2 {[%emt 0:00:01]} Rc8 {[%emt 0:00:01]} 34. h4 {[%emt 0:00:33]}
Rca8 {[%emt 0:00:01]} 35. Qd6 {[%emt 0:00:18]} Rxa4 {[%emt 0:00:02]} 36. h5
{[%emt 0:00:25]} h6 {[%emt 0:00:05]} 37. Kh3 {[%emt 0:00:20]} R4a5 {[%emt
0:00:09]} 38. g4 { [%emt 0:00:06]} Rd5 {[%emt 0:00:02]} 39. Qe7 {[%emt
0:00:11]} Rad8 {[%emt 0:00:16]} 40. f3 {[%emt 0:00:11]} R5d7 {[%emt 0:00:04]}
41. Qb4 {[%emt 0:00:09]} Rd3 {[%emt 0:00:21]} 42. Kg2 {[%emt 0:00:05]} Re3
{[%emt 0:00:11]} 43. Qa4 { [%emt 0:00:17]} Rd2+ {[%emt 0:00:29]} 44. Kg3 {[%emt
0:00:02]} Rdd3 {[%emt 0:00:14]} 45. Kg2 {[%emt 0:00:37]} Rxf3 {[%emt 0:00:03]}
46. Qa8+ {[%emt 0:00:02] } Kh7 {[%emt 0:00:02]} 47. Qe4+ {[%emt 0:00:01]
Karlsru1-002 offers a draw} f5 {[%emt 0:01:44]} 48. Qxe6 {[%emt 0:00:19]} Rg3+
{[%emt 0:00:21]} 49. Kh2 { [%emt 0:00:03]} Rh3+ {[%emt 0:00:01]} 50. Kg2 {[%emt
0:00:01]} Rdg3+ {[%emt 0:00:01]} 51. Kf2 {[%emt 0:00:01]} Rf3+ {[%emt 0:00:01]}
52. Kg2 {[%emt 0:00:03]} Rhg3+ {[%emt 0:00:06]} 53. Kh2 {[%emt 0:00:01]} Rxg4
{[%emt 0:00:02]} 54. Qe7 { [%emt 0:00:24]} Rg5 {[%emt 0:00:08]} 55. Qb7 {[%emt
0:00:03]} Rf4 {[%emt 0:00:02]} 56. Kh3 {[%emt 0:00:04]} Rfg4 {[%emt 0:00:02]}
57. Qc6 {[%emt 0:00:02]} Rxh5# {[%emt 0:00:03]} 0-1

[Event "DSJ Weihnachtsturnier U20 2020"]
[Site "https://play.chessbase.com/en/play?room=DSJWeihnachtU20"]
[Date "2020.12.29"]
[Round "5"]
[White "Engel, Robert"]
[Black "Koll, Linus"]
[Result "0-1"]
[Termination "normal"]
[Board "3.3"]
[WhiteElo "2113"]
[BlackElo "1963"]
[WhiteTeam "Hamburger SK von 1830"]
[BlackTeam "Karlsruher SF 1853"]
[PlyCount "132"]
[WhiteFideId "12974684"]
[BlackFideId "12990299"]
[EventRounds "7"]
[EventType "team-swiss"]
[EventDate "2020.12.29"]

1. e4 {[%emt 0:00:07]} c5 {[%emt 0:00:02]} 2. Nf3 {[%emt 0:00:02]} d6 {[%emt
0:00:02]} 3. d4 {[%emt 0:00:01]} cxd4 {[%emt 0:00:01]} 4. Nxd4 {[%emt 0:00:00]}
Nf6 {[%emt 0:00:03]} 5. f3 {[%emt 0:00:01]} g6 {[%emt 0:00:03]} 6. c4 {[%emt
0:00:02]} Bg7 {[%emt 0:00:01]} 7. Nc3 {[%emt 0:00:02]} O-O {[%emt 0:00:01]} 8.
Be3 {[%emt 0:00:01]} Nc6 {[%emt 0:00:02]} 9. Qd2 {[%emt 0:00:07]} Nd7 {[%emt
0:00:12]} 10. Nb3 {[%emt 0:00:53]} Nde5 {[%emt 0:00:55]} 11. Be2 {[%emt
0:00:16]} Na5 {[%emt 0:00:41]} 12. Nxa5 {[%emt 0:00:15]} Qxa5 {[%emt 0:00:04]}
13. O-O { [%emt 0:00:03]} Be6 {[%emt 0:00:49]} 14. Nd5 {[%emt 0:01:20]} Qxd2
{[%emt 0:00:11]} 15. Bxd2 {[%emt 0:00:03]} Bxd5 {[%emt 0:00:07]} 16. exd5
{[%emt 0:00:25]} Rac8 {[%emt 0:00:07]} 17. Rac1 {[%emt 0:00:04]} a6 {[%emt
0:00:34]} 18. Be3 { [%emt 0:00:11]} Nd7 {[%emt 0:00:56]} 19. b4 {[%emt
0:00:18]} a5 {[%emt 0:00:08] } 20. bxa5 {[%emt 0:00:44]} Ra8 {[%emt 0:00:36]}
21. Rb1 {[%emt 0:00:31]} Rxa5 {[%emt 0:00:34]} 22. Rxb7 {[%emt 0:00:05]} Rxa2
{[%emt 0:00:04]} 23. Re1 { [%emt 0:00:27]} Bc3 {[%emt 0:00:48]} 24. Rc1 {[%emt
0:00:05]} Bf6 {[%emt 0:00:02]} 25. Kf1 {[%emt 0:00:40]} Nc5 {[%emt 0:00:20]}
26. Rb5 {[%emt 0:00:40]} Na4 {[%emt 0:00:31]} 27. Ra5 {[%emt 0:00:54]} Rb8
{[%emt 0:00:58]} 28. Bd1 { [%emt 0:00:37]} Nc3 {[%emt 0:00:08]} 29. Rxa2 {[%emt
0:00:02]} Nxa2 {[%emt 0:00:01]} 30. Rc2 {[%emt 0:00:01]} Nb4 {[%emt 0:00:04]}
31. Rd2 {[%emt 0:00:28]} Bc3 {[%emt 0:00:11]} 32. Rf2 {[%emt 0:00:18]} Ra8
{[%emt 0:00:41]} 33. Bd2 { [%emt 0:00:14]} Bxd2 {[%emt 0:00:29]} 34. Rxd2
{[%emt 0:00:00]} Ra2 {[%emt 0:00:01]} 35. Rd4 {[%emt 0:00:22]} Na6 {[%emt
0:00:09]} 36. Be2 {[%emt 0:00:05]} Nc5 {[%emt 0:00:02]} 37. Rd1 {[%emt
0:00:05]} Kg7 {[%emt 0:00:01]} 38. Rb1 { [%emt 0:00:02]} Ra7 {[%emt 0:00:03]}
39. Rb8 {[%emt 0:00:03]} Kf6 {[%emt 0:00:02]} 40. Kf2 {[%emt 0:00:02]} h5
{[%emt 0:00:01]} 41. h4 {[%emt 0:00:10]} Ra2 { [%emt 0:00:03]} 42. Ke3 {[%emt
0:00:02]} Na4 {[%emt 0:00:01]} 43. g4 {[%emt 0:00:17]} Nc3 {[%emt 0:00:06]} 44.
Bd3 {[%emt 0:00:03]} Nd1+ {[%emt 0:00:01]} 45. Kd4 {[%emt 0:00:08]} Rh2 {[%emt
0:00:08]} 46. g5+ {[%emt 0:00:13]} Kg7 { [%emt 0:00:01]} 47. Rb7 {[%emt
0:00:00]} Rxh4+ {[%emt 0:00:01]} 48. Be4 { [%emt 0:00:06]} Rf4 {[%emt 0:00:07]}
49. Rxe7 {[%emt 0:00:02]} h4 {[%emt 0:00:01]} 50. Rd7 {[%emt 0:00:01]} h3
{[%emt 0:00:01]} 51. Ra7 {[%emt 0:00:03]} h2 { [%emt 0:00:01]} 52. Ra6 {[%emt
0:00:03]} h1=Q {[%emt 0:00:02]} 53. Rxd6 { [%emt 0:00:00]} Qg1+ {[%emt
0:00:01]} 54. Ke5 {[%emt 0:00:00]} Qg3 {[%emt 0:00:06]} 55. Kd4 {[%emt
0:00:01]} Qf2+ {[%emt 0:00:05]} 56. Ke5 {[%emt 0:00:01]} Qg3 {[%emt 0:00:03]}
57. Kd4 {[%emt 0:00:01]} Qxg5 {[%emt 0:00:01]} 58. c5 { [%emt 0:00:01]} Nf2
{[%emt 0:00:05]} 59. c6 {[%emt 0:00:02]} Nxe4 {[%emt 0:00:01]} 60. fxe4 {[%emt
0:00:00]} Qg1+ {[%emt 0:00:01]} 61. Ke5 {[%emt 0:00:02]} Qe3 {[%emt 0:00:01]}
62. Rxg6+ {[%emt 0:00:02]} fxg6 {[%emt 0:00:02]} 63. c7 { [%emt 0:00:00]} Qxe4+
{[%emt 0:00:01]} 64. Kd6 {[%emt 0:00:00]} Rf6+ {[%emt 0:00:01]} 65. Kd7 {[%emt
0:00:01]} Qxd5+ {[%emt 0:00:01]} 66. Kc8 {[%emt 0:00:00] } Rf8# {[%emt
0:00:01]} 0-1

[Event "DSJ Weihnachtsturnier U20 2020"]
[Site "https://play.chessbase.com/en/play?room=DSJWeihnachtU20"]
[Date "2020.12.29"]
[Round "5"]
[White "Mohammadi Nia, Borna"]
[Black "Martin, Julian"]
[Result "1-0"]
[Termination "normal"]
[Board "4.1"]
[BlackTitle "IM"]
[WhiteElo "2079"]
[BlackElo "2387"]
[WhiteTeam "Schachgemeinschaft Porz 2"]
[BlackTeam "OSG Baden-Baden"]
[PlyCount "169"]
[WhiteFideId "16207319"]
[BlackFideId "12941000"]
[EventRounds "7"]
[EventType "team-swiss"]
[EventDate "2020.12.29"]

1. e4 {[%emt 0:00:21]} c5 {[%emt 0:00:04]} 2. Nf3 {[%emt 0:00:01]} Nc6 { [%emt
0:00:01]} 3. Bb5 {[%emt 0:00:02]} g6 {[%emt 0:00:03]} 4. Bxc6 {[%emt 0:00:03]}
bxc6 {[%emt 0:00:07]} 5. O-O {[%emt 0:00:02]} Bg7 {[%emt 0:00:02]} 6. Re1
{[%emt 0:00:01]} Nh6 {[%emt 0:00:04]} 7. c3 {[%emt 0:00:04]} O-O {[%emt
0:00:02]} 8. h3 {[%emt 0:00:02]} f5 {[%emt 0:00:02]} 9. e5 {[%emt 0:00:02]} Nf7
{ [%emt 0:00:03]} 10. d4 {[%emt 0:00:02]} cxd4 {[%emt 0:00:03]} 11. cxd4 {
[%emt 0:00:00]} e6 {[%emt 0:00:17]} 12. b3 {[%emt 0:00:03]} g5 {[%emt 0:00:07]}
13. Nc3 {[%emt 0:00:22]} h5 {[%emt 0:00:24]} 14. Na4 {[%emt 0:00:14]} g4 {
[%emt 0:00:04]} 15. hxg4 {[%emt 0:00:06]} hxg4 {[%emt 0:00:02]} 16. Nd2 { [%emt
0:00:03]} Qh4 {[%emt 0:00:34]} 17. Nc4 {[%emt 0:00:08]} Kh7 {[%emt 0:00:09]}
18. Qd3 {[%emt 0:00:07]} Rh8 {[%emt 0:00:44]} 19. Qg3 {[%emt 0:00:04]} Qh5
{[%emt 0:00:21]} 20. Qh2 {[%emt 0:00:31]} Qxh2+ {[%emt 0:00:09]} 21. Kxh2 {
[%emt 0:00:00]} d6 {[%emt 0:00:08]} 22. exd6 {[%emt 0:00:11]} Bxd4 {[%emt
0:00:02]} 23. Bb2 {[%emt 0:00:02]} Bxb2 {[%emt 0:01:42]} 24. Naxb2 {[%emt
0:00:00]} Kg6+ {[%emt 0:00:01]} 25. Kg1 {[%emt 0:00:03]} Bd7 {[%emt 0:00:08]}
26. Nd3 { [%emt 0:00:03]} Kf6 {[%emt 0:00:09]} 27. Nc5 {[%emt 0:00:40]} Rad8
{[%emt 0:00:05]} 28. Rad1 {[%emt 0:00:03]} e5 {[%emt 0:00:25]} 29. Na5 {[%emt
0:00:13]} Ng5 {[%emt 0:00:53]} 30. Nab7 {[%emt 0:00:06]} Ne6 {[%emt 0:00:28]}
31. Nxe6 { [%emt 0:00:19]} Bxe6 {[%emt 0:00:02]} 32. Nxd8 {[%emt 0:00:05]} Rxd8
{[%emt 0:00:00]} 33. b4 {[%emt 0:00:36]} Bxa2 {[%emt 0:00:07]} 34. Ra1 {[%emt
0:00:10]} Bc4 {[%emt 0:00:07]} 35. Rxa7 {[%emt 0:00:20]} Rxd6 {[%emt 0:00:02]}
36. Rh7 { [%emt 0:01:31]} Bf7 {[%emt 0:00:33]} 37. Rh8 {[%emt 0:00:28]} Rd4
{[%emt 0:00:05]} 38. Rb8 {[%emt 0:00:13]} Bc4 {[%emt 0:00:13]} 39. Re8 {[%emt
0:01:05]} e4 {[%emt 0:00:08]} 40. Kh2 {[%emt 0:00:49]} Bb5 {[%emt 0:00:09]} 41.
Rb1 { [%emt 0:00:01]} f4 {[%emt 0:00:07]} 42. Rb2 {[%emt 0:00:29]} Kf5 {[%emt
0:00:17]} 43. Rf8+ {[%emt 0:00:06]} Ke5 {[%emt 0:00:02]} 44. g3 {[%emt
0:00:05]} f3 {[%emt 0:00:10]} 45. Rf4 {[%emt 0:00:23]} e3 {[%emt 0:00:26]} 46.
fxe3 { [%emt 0:00:17]} Re4 {[%emt 0:00:02]} 47. Kg1 {[%emt 0:00:21]} Rxe3
{[%emt 0:00:05]} 48. Rxg4 {[%emt 0:00:01]} Rc3 {[%emt 0:00:32]} 49. Kf2 {[%emt
0:00:03]} Be2 {[%emt 0:00:01]} 50. Rg5+ {[%emt 0:00:05]} Ke4 {[%emt 0:00:01]}
51. Rc5 { [%emt 0:00:14]} Rd3 {[%emt 0:00:24]} 52. Rxc6 {[%emt 0:00:15]} Rd1
{[%emt 0:00:03]} 53. Rxe2+ {[%emt 0:00:05]} fxe2 {[%emt 0:00:02]} 54. Kxe2
{[%emt 0:00:01]} Rb1 {[%emt 0:00:01]} 55. Rc4+ {[%emt 0:00:02]} Kd5 {[%emt
0:00:03]} 56. Rf4 { [%emt 0:00:02]} Rb3 {[%emt 0:00:01]} 57. Kf2 {[%emt
0:00:01]} Ke5 {[%emt 0:00:01]} 58. Kg2 {[%emt 0:00:01]} Rc3 {[%emt 0:00:02]}
59. Kh3 {[%emt 0:00:01]} Rd3 {[%emt 0:00:02]} 60. Kh4 {[%emt 0:00:02]} Rb3
{[%emt 0:00:01]} 61. Rc4 { [%emt 0:00:02]} Kf5 {[%emt 0:00:01]} 62. g4+ {[%emt
0:00:02]} Kg6 {[%emt 0:00:01]} 63. Rc6+ {[%emt 0:00:01]} Kg7 {[%emt 0:00:01]}
64. Rb6 {[%emt 0:00:01]} Rb1 {[%emt 0:00:01]} 65. Rb7+ {[%emt 0:00:01]} Kg6
{[%emt 0:00:01]} 66. Rb6+ { [%emt 0:00:01]} Kg7 {[%emt 0:00:01]} 67. Kg5 {[%emt
0:00:00]} Rd1 {[%emt 0:00:02]} 68. Rb7+ {[%emt 0:00:04]} Kg8 {[%emt 0:00:02]}
69. Kh5 {[%emt 0:00:06]} Rh1+ {[%emt 0:00:01]} 70. Kg6 {[%emt 0:00:02]} Kf8
{[%emt 0:00:01]} 71. Rb8+ { [%emt 0:00:02]} Ke7 {[%emt 0:00:01]} 72. g5 {[%emt
0:00:01]} Rd1 {[%emt 0:00:03]} 73. b5 {[%emt 0:00:01]} Rd5 {[%emt 0:00:03]} 74.
b6 {[%emt 0:00:01]} Kd7 { [%emt 0:00:01]} 75. Kf6 {[%emt 0:00:04]} Rd6+ {[%emt
0:00:03]} 76. Kg7 { [%emt 0:00:04]} Kc6 {[%emt 0:00:04]} 77. g6 {[%emt
0:00:02]} Rd1 {[%emt 0:00:02]} 78. Kh8 {[%emt 0:00:03]} Rh1+ {[%emt 0:00:01]}
79. Kg8 {[%emt 0:00:01]} Rg1 {[%emt 0:00:01]} 80. g7 {[%emt 0:00:01]} Rg2
{[%emt 0:00:01]} 81. Kf7 { [%emt 0:00:01]} Rf2+ {[%emt 0:00:01]} 82. Ke6 {[%emt
0:00:01]} Re2+ {[%emt 0:00:01]} 83. Kf5 {[%emt 0:00:01]} Rf2+ {[%emt 0:00:01]}
84. Ke4 {[%emt 0:00:01]} Rg2 {[%emt 0:00:00]} 85. g8=Q {[%emt 0:00:03]
Baden1-001 gibt auf} 1-0

[Event "DSJ Weihnachtsturnier U20 2020"]
[Site "https://play.chessbase.com/en/play?room=DSJWeihnachtU20"]
[Date "2020.12.29"]
[Round "5"]
[White "Schmider, Niklas"]
[Black "Ramien, David"]
[Result "0-1"]
[Termination "time forfeit"]
[Board "4.2"]
[WhiteTitle "FM"]
[WhiteElo "2303"]
[BlackElo "2181"]
[WhiteTeam "OSG Baden-Baden"]
[BlackTeam "Schachgemeinschaft Porz 2"]
[PlyCount "147"]
[WhiteFideId "12993778"]
[BlackFideId "12948241"]
[EventRounds "7"]
[EventType "team-swiss"]
[EventDate "2020.12.29"]

1. e4 {[%emt 0:00:06] Baden1-002 reconnected. White restart ok. Baden1-002
reconnected. Baden1-002 reconnected. Porz2-002 reconnected. TimeB White restart
ok. Restarted B (13.22e) OK} c5 {[%emt 0:00:02]} 2. Nf3 {[%emt 0:00:04]} d6
{[%emt 0:00:05]} 3. d4 {[%emt 0:00:02]} cxd4 { [%emt 0:00:02]} 4. Nxd4 {[%emt
0:00:01]} Nf6 {[%emt 0:00:03]} 5. Nc3 {[%emt 0:00:01]} Nc6 {[%emt 0:00:02]} 6.
Bg5 {[%emt 0:00:01]} e6 {[%emt 0:00:02]} 7. Qd2 {[%emt 0:00:01]} Be7 {[%emt
0:00:01]} 8. O-O-O {[%emt 0:00:01]} O-O {[%emt 0:00:02]} 9. f4 {[%emt 0:00:04]}
Nxd4 {[%emt 0:00:01]} 10. Qxd4 {[%emt 0:00:01]} h6 {[%emt 0:00:01]} 11. Bh4
{[%emt 0:00:03]} Qa5 {[%emt 0:00:01]} 12. e5 { [%emt 0:00:16]} dxe5 {[%emt
0:00:02] Restarted B (13.22e) White restart ok. OK} 13. Qxe5 {[%emt 0:00:07]}
Qxe5 {[%emt 0:00:07]} 14. fxe5 {[%emt 0:00:00]} Nd5 { [%emt 0:00:03]} 15. Bxe7
{[%emt 0:00:03]} Nxe7 {[%emt 0:00:02]} 16. Bc4 { [%emt 0:00:27]} b6 {[%emt
0:00:32]} 17. Rhe1 {[%emt 0:00:52]} Nc6 {[%emt 0:00:31]} 18. Bb5 {[%emt
0:00:30]} Na5 {[%emt 0:01:40]} 19. b4 {[%emt 0:00:19]} a6 { [%emt 0:00:08]} 20.
Be2 {[%emt 0:00:02]} Nc6 {[%emt 0:00:08]} 21. Bf3 {[%emt 0:00:03]} Bb7 {[%emt
0:00:13]} 22. Rd7 {[%emt 0:00:07]} Rab8 {[%emt 0:00:02] Porz2-002 offers a
draw} 23. Na4 {[%emt 0:01:42]} Ba8 {[%emt 0:00:17]} 24. c3 { [%emt 0:00:21]}
Rfc8 {[%emt 0:01:34]} 25. Kb2 {[%emt 0:00:08]} Kf8 {[%emt 0:00:02]} 26. Kb3
{[%emt 0:01:50]} Ke8 {[%emt 0:00:06]} 27. Rd3 {[%emt 0:00:16]} Rd8 {[%emt
0:00:10]} 28. Rxd8+ {[%emt 0:00:15]} Kxd8 {[%emt 0:00:01]} 29. Nb2 { [%emt
0:00:06]} Ke7 {[%emt 0:00:15]} 30. Nc4 {[%emt 0:00:07]} b5 {[%emt 0:00:05]} 31.
Nd2 {[%emt 0:00:16]} Rd8 {[%emt 0:00:04]} 32. Kc2 {[%emt 0:00:01]} Rc8 {[%emt
0:00:55]} 33. Kb2 {[%emt 0:00:10]} Rd8 {[%emt 0:00:05]} 34. Nb3 { [%emt
0:00:03]} g6 {[%emt 0:00:48]} 35. Kc2 {[%emt 0:00:07]} Rc8 {[%emt 0:00:07]} 36.
Nc5 {[%emt 0:00:02]} a5 {[%emt 0:00:02]} 37. a3 {[%emt 0:00:02]} h5 { [%emt
0:00:11]} 38. h4 {[%emt 0:00:24]} Ke8 {[%emt 0:00:21]} 39. Re3 {[%emt 0:00:15]}
axb4 {[%emt 0:00:03]} 40. axb4 {[%emt 0:00:02]} Ne7 {[%emt 0:00:06]} 41. Be2
{[%emt 0:00:06]} Bc6 {[%emt 0:00:19]} 42. g3 {[%emt 0:00:25]} Ra8 { [%emt
0:00:05]} 43. Kb2 {[%emt 0:00:04]} Rd8 {[%emt 0:00:02]} 44. Bd3 {[%emt
0:00:17]} Nf5 {[%emt 0:00:30]} 45. Bxf5 {[%emt 0:00:02]} gxf5 {[%emt 0:00:00]}
46. Rd3 {[%emt 0:00:02]} Rxd3 {[%emt 0:00:05]} 47. Nxd3 {[%emt 0:00:01]} Ke7 {
[%emt 0:00:03]} 48. Nf4 {[%emt 0:00:02]} Bf3 {[%emt 0:00:02]} 49. Kc2 {[%emt
0:00:09]} f6 {[%emt 0:00:02]} 50. exf6+ {[%emt 0:00:01]} Kxf6 {[%emt 0:00:01]}
51. Kd3 {[%emt 0:00:00]} e5 {[%emt 0:00:02]} 52. Nh3 {[%emt 0:00:04]} Bg2 {
[%emt 0:00:25]} 53. Nf2 {[%emt 0:00:39]} Bf1+ {[%emt 0:00:06]} 54. Ke3 { [%emt
0:00:02]} Ke6 {[%emt 0:00:03]} 55. Kd2 {[%emt 0:00:15]} Kd5 {[%emt 0:00:02]}
56. Ke1 {[%emt 0:00:05]} Bg2 {[%emt 0:00:12]} 57. Kd2 {[%emt 0:00:01]} Bf1
{[%emt 0:00:07]} 58. Nd1 {[%emt 0:00:07]} Ke4 {[%emt 0:00:04]} 59. Ne3 { [%emt
0:00:03]} Bh3 {[%emt 0:00:05]} 60. Ke2 {[%emt 0:00:01]} f4 {[%emt 0:00:05]} 61.
gxf4 {[%emt 0:00:02]} exf4 {[%emt 0:00:00]} 62. Nc2 {[%emt 0:00:00]} Bg4+
{[%emt 0:00:02]} 63. Kf2 {[%emt 0:00:01]} Kd3 {[%emt 0:00:03]} 64. Nd4 { [%emt
0:00:01]} Bd7 {[%emt 0:00:03]} 65. Kf3 {[%emt 0:00:01]} Kxc3 {[%emt 0:00:03]}
66. Ne2+ {[%emt 0:00:01]} Kxb4 {[%emt 0:00:01]} 67. Kxf4 {[%emt 0:00:01]} Kc4
{[%emt 0:00:04]} 68. Kg5 {[%emt 0:00:07]} Bg4 {[%emt 0:00:02]} 69. Nf4 { [%emt
0:00:01]} b4 {[%emt 0:00:01]} 70. Nxh5 {[%emt 0:00:01]} Bxh5 {[%emt 0:00:01]}
71. Kxh5 {[%emt 0:00:00]} b3 {[%emt 0:00:01]} 72. Kg5 {[%emt 0:00:02]} b2
{[%emt 0:00:01]} 73. h5 {[%emt 0:00:00]} b1=Q {[%emt 0:00:01]} 74. h6 {[%emt
0:00:00] Baden1-002 gibt auf} 0-1